| 000 | 00492nam a2200157Ia 4500 | ||
|---|---|---|---|
| 008 | 240729s9999 xx 000 0 und d | ||
| 022 | _a2709-572X | ||
| 245 | 4 | _aThe Mongolian Journal of International Affairs | |
| 260 | _aMongolia | ||
| 260 | _bInstitute of International Studies, Mongolian Academy of Sciences | ||
| 650 | _a International relations | ||
| 650 | _aPolitical science | ||
| 856 | _uhttps://doaj.org/toc/8a7014517fb7418c8ba89f77cc9bba48 | ||
| 942 | _2ddc | ||
| 942 | _cDOAJEJ | ||
| 999 |
_c72006 _d72006 |
||
| 945 |
_a1 _bMadushi Gamage _c1 _dMadushi Gamage |
||